000 01086nam a2200289 a 4500
001 000116112
003 CHAP
005 20220329144601.0
008 190911s2011 mx |r| ||||||spa d
010 _a112573
011 _a113545
020 _a9786077919179
040 _cCHAP
082 0 4 _a660.650972
_bF72
111 1 0 _aForo de consulta sobre ingeniería genética de organismos genéticamente modificables
_d(2010 :
_cCiudad de México)
_9136837
245 1 0 _aForo de consulta sobre ingeniería genética de organismos genéticamente modificables :
_bmemorias.
260 _aMéxico, D.F. :
_bCámara de Diputados LXIII Legislatura.
_bCEDRSSA.,
_c2011.
300 _a216 p.
590 _aBATCH-UPD
_b05
_c20190911
_lUCH01
_h1222
590 _aE5765TAJ
_b05
_c20190911
_lUCH01
_h1221
650 1 4 _aBiotecnología
_zMéxico
_vCongresos.
_9136839
650 1 4 _aIngeniería genética
_zMéxico
_vCongresos.
_9136838
710 2 _aCentro de Estudios para el Desarrollo Rural Sustentable y la Soberanía Alimentaria. México.
_9127857
901 _aBK
942 _cLIBRO
942 _n0
999 _c112573
_d112573